00337nam a2200133Ia 4500008004100000041000800041082001700049100002000066245003200086250001400118260002800132300003200160365001100192240624s9999 xx 000 0 und d aeng a658.4012 FRY aFRYNAS J GEORGE aGLOBAL STRATEGIC MANAGEMENT a(2nd ed.) c2012aNew DelhibOxford axxix, : 422 : p. : cm. ; 26 cRSb31